000 00961nam a2200253 a 4500
001
003 DO-SdBNP
005 20220131080050.0
008 190125s2016 dr a r 000 0 spa d
020 _a9789945894622
040 _aDO-SdBNP
_bspa
_cBPMSU
082 _a923.7
_bH831m 2016
_222
245 0 0 _aEugenio María de Hostos miembro AD-Honorem de la Aademía de Ciencias de la República Dominicana /
_ceditores José Guerrero, Milcíades Mejía ; coordinadora Mariela Ramírez.
260 _aSanto Domingo :
_bAcademia de Ciencias de la República Dominicana,
_c2016.
300 _a126 p. :
_bil. ;
_c23 cm.
590 _aInventariado, 2022/VM
600 1 4 _a Hostos, Eugenio María de
_d,1839-1903
_xPensamiento filosófico
700 1 _aGuerrero, José,
_eed.
700 1 _aMejía, Milcíades,
_eed.
700 1 _aRamírez, Mariela,
_ecoord.
710 2 _aAcademía de Ciencias de la República Dominicana
910 _aVMateo V.
942 _2ddc
_cBK
999 _c13992
_d13992